| 000 | 00553nam a2200145Ia 4500 | ||
|---|---|---|---|
| 008 | 100204s9999 xx 000 0 und d | ||
| 082 | _b12098 | ||
| 100 | _aजादूगार वीरेंद्र्र | ||
| 245 | _aजादू कला आणि प्रयोग | ||
| 260 |
_b"मॅजेस्टीक बुक स्टॅाल , मुंबई" _c1984 |
||
| 300 | _a90 | ||
| 630 | _aजादू कला आणि प्रयोग | ||
| 730 | _aजादू कला आणि प्रयोग | ||
| 942 | _cBOOK | ||
| 999 |
_c456532 _d456529 |
||